[Event "Winter Paracin-GM 2019"]
[Site "Paracin"]
[Date "2019.02.03"]
[Round "6.1"]
[White "Mahalakshmi, M."]
[Black "Savic, Miodrag R"]
[Result "1-0"]
[WhiteElo "2185"]
[BlackElo "2486"]
[Annotator "TA"]
[PlyCount "107"]
[EventDate "2019.01.31"]
[EventType "tourn"]
[EventCountry "SRB"]
[SourceTitle "playchess.com"]
[Source "ChessBase"]
[SourceQuality "1"]

{[%evp 17,107,8,4,0,5,10,18,-12,10,0,5,7,37,29,49,21,42,35,33,35,39,11,0,0,58,62,62,62,59,60,52,57,88,92,86,89,129,129,137,133,127,135,138,133,113,123,106,27,96,96,91,86,87,81,74,13,159,150,206,170,187,179,183,177,140,152,29971,29971,29970,29973,29976,29977,29977,29978,29978,29979,29980,29981,29983,29984,29984,29985,29985,29986,29986,29987,29987,29988,29988,29989,29990,29990]} 1. d4 $146 (1. Nf3 d5 2. d4 Nf6 3. c4 e6 4. Nc3 Bb4 5. e3 O-O {0-1 (36) Jakovenko,D (2735)-Giri,A (2783) St Petersburg 2018}) ({Predecessor:} 1. c4 b6 2. Nf3 Bb7 3. Nc3 Nf6 4. d4 e6 5. e3 Bb4 6. Bd2 O-O 7. Be2 {0-1 (58) Grigoriadis,A (2255)-Anton Guijarro,D (2559) Skopje 2014}) 1... Nf6 2. c4 e6 3. Nc3 Bb4 4. e3 O-O 5. Bd2 d5 6. Nf3 b6 7. Be2 (7. Bd3 dxc4 8. Bxc4 Bb7 {0-1 (36) Jakovenko,D (2735)-Giri,A (2783) St Petersburg 2018}) 7... Bb7 8. O-O dxc4 9. Bxc4 Nbd7 10. Qe2 {E52: Nimzo-Indian: Rubinstein: 4...0-0 5 Nf3 d5 6 Bd3 b6} a6 11. Rfd1 b5 12. Bb3 {The position is equal.} (12. Bd3 c5 13. Rac1 cxd4 14. Nxd4 Qe7 15. Bb1 Rac8 16. a3 Bd6 17. Na2 Nd5 {0-1 (36) Jakovenko,D (2735)-Giri,A (2783) St Petersburg 2018}) 12... c5 13. a3 ({Predecessor:} 13. dxc5 Bxc5 14. Rac1 Qb8 15. h3 Ne5 16. Ne1 Bb6 17. a3 Ng6 {0-1 (58) Grigoriadis,A (2255)-Anton Guijarro,D (2559) Skopje 2014}) 13... Bxc3 14. Bxc3 {next dxc5 is good for White.} Ne4 15. Be1 Qf6 16. Nd2 Rac8 17. Nxe4 Bxe4 18. f3 c4 19. fxe4 {Hoping for Bc2.} cxb3 20. a4 Qg6 (20... Qg5 $11) 21. axb5 $14 axb5 22. Qxb5 Nf6 23. Qxb3 Qxe4 24. Qd3 $1 Rc2 {[%csl Gc2][%cal Re4g2]} 25. Qxe4 Nxe4 26. b4 {[%cal Bb2b4,Bb4b5][%mdl 32]} Rfc8 27. b5 Rb2 28. Rdb1 Rxb1 29. Rxb1 $16 {[%mdl 4096] Endgame KRB-KRN} Kf8 30. Kf1 Ke8 31. Ke2 Rb8 32. Rb4 ({White should play} 32. Kd3 $16 f5 33. g4) 32... Kd7 (32... Rb7 $11) 33. Kd3 f5 34. g4 g6 35. gxf5 gxf5 36. Bg3 (36. Rb1 $16) 36... Rb7 (36... Nxg3 $11 37. hxg3 Rg8) 37. Be5 h5 (37... Nd6 $16) 38. b6 Kc6 39. Bc7 $1 Nf6 40. Rc4+ Kd7 {[#]} 41. Rc5 $1 Nd5 $2 {[#]} (41... h4 $16) 42. Rxd5+ $1 {White mates.} exd5 {KR-KB} 43. Ke2 f4 44. exf4 Ke6 45. Kf3 Kf5 46. Kg3 Ke4 47. Kh4 Kxd4 48. f5 Kc3 49. f6 d4 50. f7 d3 51. f8=Q d2 52. Qf3+ Kc2 53. Qe2 Kc1 54. Bf4 {Accuracy: White = 79%, Black = 39%.} 1-0

[Event "Winter Paracin-GM 2019"]
[Site "Paracin"]
[Date "2019.02.03"]
[Round "6.5"]
[White "Fenil, Shah"]
[Black "Djordjevic, Vuk"]
[Result "0-1"]
[WhiteElo "2400"]
[BlackElo "2408"]
[Annotator "TA"]
[PlyCount "188"]
[EventDate "2019.01.31"]
[EventType "tourn"]
[EventCountry "SRB"]
[SourceTitle "playchess.com"]
[Source "ChessBase"]
[SourceQuality "1"]

{[%evp 10,188,18,0,33,16,25,10,13,9,18,17,17,20,27,8,25,0,0,0,0,-7,0,-27,-40,-38,-41,-34,-33,-47,-53,-49,-54,-115,-125,-114,-80,-93,-80,-92,-76,-81,-33,-107,0,0,0,0,0,-12,-10,-25,-24,-42,-8,-8,-8,-22,-25,-22,-23,-41,-33,-29,-12,-190,-201,-193,-198,-181,-145,-143,-110,-112,-82,-133,-139,-206,-206,-206,-206,-207,-206,-318,-314,-327,-325,-327,-297,-472,-322,-321,-318,-311,-298,-296,-272,-277,-292,-335,-334,-334,-312,-334,-331,-5733,-5451,-5277,-4108,-29938,-29938,-29939,-4120,-29958,-29959,-29954,-29955,-29956,-29956,-29959,-29953,-29970,-29971,-29971,-29972,-29964,-29970,-29968,-29968,-29968,-29963,-29968,-29971,-29971,-29971,-29972,-29973,-29973,-29974,-29973,-29975,-29976,-29977,-29982,-29976,-29974,-29975,-29994,-29982,-29985,-29978,-29980,-29973,-29981,-29982,-29987,-29986,-29988,-29987,-29989,-29990,-29990,-29991,-29991,-29992,-29992,-29992,-29992,-29992,-29993,-29994,-29994,-29995,-29995,-29996,-29996,-29997,-29997,-29998,-29998,-29999]} 1. d4 $146 (1. e4 e6 {½-½ (52) Svidler,P (2753)-Yu,Y (2759) Shenzhen 2018}) ({Predecessor:} 1. e4 e6 {½-½ (56) Lorparizangeneh,S (2504)-Tabatabaei,M (2493) Rasht 2017}) 1... e6 2. e4 d5 3. Nd2 Be7 4. Ngf3 (4. Bd3 c5 5. dxc5 Nf6 {½-½ (52) Svidler,P (2753)-Yu,Y (2759) Shenzhen 2018}) ({Predecessor:} 4. Bd3 c5 5. dxc5 Nf6 6. Qe2 O-O 7. Ngf3 {½-½ (56) Lorparizangeneh,S (2504)-Tabatabaei,M (2493) Rasht 2017}) 4... Nf6 5. Bd3 c5 6. dxc5 a5 {C03: French Tarrasch: Unusual Black 3rd moves} (6... dxe4 7. Nxe4 Nxe4 8. Bxe4 Qxd1+ 9. Kxd1 Bxc5 10. Ke2 Nd7 11. Be3 Bxe3 12. Kxe3 Nc5 13. Rhd1 Ke7 14. Bd3 f6 15. Bc4 Bd7 16. b4 Na4 17. Rxd7+ Kxd7 18. Bb5+ {½-½ (52) Svidler,P (2753)-Yu,Y (2759) Shenzhen 2018}) 7. Qe2 O-O 8. c4 ({Predecessor:} 8. O-O Na6 9. e5 Nd7 {½-½ (56) Lorparizangeneh,S (2504)-Tabatabaei,M (2493) Rasht 2017}) 8... Na6 {The position is equal.} 9. e5 Nd7 10. O-O Naxc5 11. Bc2 f6 12. cxd5 (12. exf6 {is interesting.} Bxf6 13. Nb3 b6 14. Nxc5 Nxc5 15. Be3) 12... exd5 13. e6 Ne5 $1 14. Nxe5 fxe5 15. Qxe5 Nxe6 16. Nf3 Rxf3 17. gxf3 Bd6 18. Qh5 g6 19. Bxg6 $1 hxg6 20. Qxg6+ Ng7 $1 21. Bg5 (21. Bh6 $15 Be5 22. Bxg7 Bxg7 23. Qg3) 21... Qf8 $17 {[%mdl 1024] Black has strong compensation.} 22. Rfe1 Ra6 {aiming for ...Bxh2+!} 23. Qd3 Qf7 24. Rad1 Be6 25. h4 Ra8 26. Kg2 (26. Rxe6 $15 Nxe6 27. Qxd5) 26... Nf5 (26... Rf8 $17 27. Kg1 Qxf3 28. Qxf3 Rxf3) 27. Rxe6 $1 $11 {[%mdl 64] [#] Remove Defender} Qxe6 28. Qxd5 Qf7 29. Qb5 Rf8 {White must now prevent ...Ne3+!} 30. Rd3 Qg6 ({Avoid the trap} 30... Qxa2 $2 31. Rd5 $18) 31. Kf1 Qe6 32. Qxb7 Qxa2 {Threatens to win with ...Qb1+.} 33. Qd5+ (33. Qe4 {seems wilder.} Qf7 34. Rd5 Bc7 35. Bd2 Ng7 36. Kg2) 33... Qxd5 34. Rxd5 Bb4 35. b3 Ng7 36. Bd8 Rf5 37. Rd3 $2 (37. Rxf5 $11 Nxf5 38. Ke2) 37... Ne6 $19 38. Bb6 Rh5 39. Re3 Kf7 40. Re4 Rb5 41. Be3 Bc3 42. Ke2 (42. Rc4 $142 Rxb3 43. h5) 42... Rxb3 $17 43. Kd1 (43. h5 $17) 43... Rb5 $19 44. Kc2 Bf6 45. Rc4 Ke7 46. h5 (46. Ra4 $142) 46... Rxh5 47. Kb3 Kd7 48. Ka4 Nd8 49. Rc5 (49. Bb6 $142) 49... Rh4+ 50. f4 {[#]} Nb7 $1 {[%cal Rb7c5]} 51. Rb5 Kc8 52. Rb6 Bd8 53. Rc6+ Kd7 54. Rc4 Rh5 55. Rc1 Rd5 56. Rc2 Bc7 57. Rd2 $2 (57. Rc4) 57... Rxd2 58. Bxd2 Kc6 59. f5 Nc5+ 60. Ka3 Ne4 (60... Kb5 $142 61. Bg5 Bd6 62. Ka2 Ne4 63. Bh4 Kc4 64. f6 a4 65. Kb2 Kd5 66. f7 Ke6 67. f3 Nd2 68. Bg3 Bf8 69. f4 Ne4 70. Bh2 Kxf7 71. Bg1 Kf6 72. Bd4+ Kf5 73. Be5 Be7 74. Bb8 a3+ 75. Ka2 Nc3+ 76. Kb3 Ne2 77. Be5 Nxf4 78. Bg7 Ke4 79. Bh6 Ne2 80. Kc2 Kd4 81. Kb3 Kd3 82. Ka2 Kc2 83. Bg5 Bb4 84. Bd2 Nc3+ 85. Bxc3 Kxc3 86. Kb1 Kd2 87. Ka1 Kc1 88. Ka2 Kc2 89. Ka1 Kb3 90. Kb1 a2+ 91. Kc1 a1=Q#) 61. Be1 Kb5 {Black mates.} 62. f3 Nf6 63. Bc3 Bd6+ 64. Ka2 Nd5 65. Bxa5 Kxa5 66. Kb3 Kb5 67. f6 Nxf6 68. Kc3 Bf4 69. Kd4 Kb4 70. Kd3 Kc5 71. Kc3 Kd5 72. Kd3 Nd7 73. Ke2 Kd4 74. Kf2 Kd3 75. Kg2 Ke3 76. Kh3 Nf6 77. Kg2 Ke2 78. Kh3 Kxf3 79. Kh4 Be3 80. Kh3 Bg1 81. Kh4 Ne4 {[%cal Bf6e4,Be4g5,Bg5e6,Be6g7,Bg7e6,Be6f8][%mdl 32]} 82. Kh3 Ng5+ 83. Kh4 Kf4 84. Kh5 Kf5 85. Kh6 Ne6 86. Kh5 Bf2 87. Kh6 Bg3 88. Kh5 Ng7+ 89. Kh6 Kf6 90. Kh7 Kf7 91. Kh6 Bf4+ 92. Kh7 Ne6 93. Kh8 Be3 94. Kh7 Nf8+ {Accuracy: White = 31%, Black = 79%.} 0-1

[Event "Winter Paracin-GM 2019"]
[Site "Paracin"]
[Date "2019.02.04"]
[Round "7.1"]
[White "Djordjevic, Vuk"]
[Black "Mahalakshmi, M."]
[Result "1-0"]
[WhiteElo "2408"]
[BlackElo "2185"]
[Annotator "TA"]
[PlyCount "53"]
[EventDate "2019.01.31"]
[EventType "tourn"]
[EventCountry "SRB"]
[SourceTitle "playchess.com"]
[Source "ChessBase"]
[SourceQuality "1"]

{[%evp 22,53,8,0,14,29,17,17,34,14,134,135,196,189,197,182,202,186,318,206,192,191,196,106,442,453,437,447,615,615,615,615,615,615]} 1. d4 Nf6 2. Bg5 $146 ({Predecessor:} 2. c4 e6 3. Nc3 Bb4 4. e3 O-O 5. Bd3 c5 6. Nf3 d5 7. O-O cxd4 8. exd4 dxc4 9. Bxc4 b6 10. Bg5 Bb7 11. Rc1 Nc6 12. a3 Be7 {½-½ (87) Onischuk,A (2664)-Nakamura,H (2787) Saint Louis 2016}) 2... d5 3. e3 e6 4. Nf3 c5 5. c4 cxd4 6. exd4 dxc4 7. Bxc4 Be7 8. O-O Nc6 9. Nc3 O-O 10. a3 b6 11. Qd3 Bb7 12. Rac1 Na5 {E54: Nimzo-Indian: Rubinstein: Main Line: 7...dxc4 8 Bxc4} ({Predecessor:} 12... h6 13. Be3 Bd6 14. Ba6 Bxa6 15. Qxa6 Ne7 16. Rc2 Qc8 17. Qxc8 Raxc8 18. Rfc1 Bb8 19. h3 Rfd8 20. Kf1 {½-½ (87) Onischuk,A (2664)-Nakamura,H (2787) Saint Louis 2016}) 13. Ba2 h6 14. Bf4 Rc8 {The position is equal.} 15. Rfd1 a6 (15... Bd6 $11 16. Bg3 Bxg3 17. hxg3 Re8) 16. b4 $16 Nc6 (16... Bxf3 $16 17. Qxf3 (17. gxf3 Nc6 $16) 17... Nc4) 17. d5 $18 exd5 18. Nxd5 Nxd5 19. Bxd5 {Qf5 is the strong threat.} b5 (19... Bf6 $142 20. Qf1 Qe8) 20. Bxh6 {[#] White wants to mate with Qg6.} Bf6 21. Be3 {Hoping for Bc5.} Qd7 22. h3 $40 {[%mdl 128] White goes for the king.} (22. Qb1 $18 Ne5 23. Nxe5 Bxe5 24. Bc6 Qxd1+ 25. Rxd1 Rxc6 26. f3) 22... Nxb4 $2 {[%mdl 8192]} (22... Ne5 $16 23. Nxe5 Bxe5) 23. axb4 {White is clearly winning.} Rxc1 24. Bxc1 Rd8 {[%cal Rd7d5]} 25. Bxf7+ Qxf7 26. Qxd8+ $1 Bxd8 27. Rxd8+ {Accuracy: White = 37%, Black = 23%.} 1-0

[Event "Winter Paracin-GM 2019"]
[Site "Paracin"]
[Date "2019.02.04"]
[Round "7.2"]
[White "Oglaza, Oskar"]
[Black "Fenil, Shah"]
[Result "0-1"]
[WhiteElo "2320"]
[BlackElo "2400"]
[Annotator "TA"]
[PlyCount "78"]
[EventDate "2019.01.31"]
[EventType "tourn"]
[EventCountry "SRB"]
[SourceTitle "playchess.com"]
[Source "ChessBase"]
[SourceQuality "1"]

{[%evp 13,78,31,35,27,60,60,53,35,74,77,77,60,62,41,48,32,39,29,51,47,47,0,0,0,9,-15,-4,-18,-14,-28,-6,-11,-14,-20,-4,-12,-13,-5,132,116,260,-136,-87,-172,-161,-189,-172,-449,-447,-438,-436,-517,-511,-506,-441,-836,-746,-1758,-1765,-1782,-1736,-29978,-29976,-29977,-29978,-29987,-29988]} 1. e4 c6 2. d4 d5 3. Nc3 $146 (3. Nd2 dxe4 {½-½ (42) Fressinet,L (2660)-Howell,D (2655) Caleta 2017}) ({Predecessor:} 3. Nd2 dxe4 {½-½ (26) Kastner,W (2193)-Schreiner,T (2299) Austria 2017}) 3... dxe4 4. Nxe4 Bf5 5. Ng3 Bg6 6. Nh3 ({Predecessor:} 6. N1e2 e6 {½-½ (26) Kastner,W (2193)-Schreiner,T (2299) Austria 2017}) 6... e6 7. Nf4 Qh4 8. Nge2 {B18: Classical Caro-Kann: 4...Bf5 sidelines} (8. Be3 Nf6 9. Qd2 Be7 10. O-O-O Ng4 11. Nge2 Nxe3 12. fxe3 Bd6 13. g3 Qe7 14. Nc3 Nd7 15. h4 Nf6 {½-½ (42) Fressinet,L (2660)-Howell,D (2655) Caleta 2017}) 8... Bd6 9. g3 Qe7 10. Bg2 {White is slightly better.} Nf6 11. Nxg6 hxg6 12. Bg5 Qc7 ({Predecessor:} 12... Nbd7 13. c3 O-O-O 14. O-O Rh5 15. h4 e5 {½-½ (26) Kastner,W (2193)-Schreiner,T (2299) Austria 2017}) 13. Qd2 Nbd7 14. O-O O-O 15. c4 Rfd8 16. Rfd1 e5 17. Qc2 exd4 18. Nxd4 a5 19. a4 Nc5 20. h3 Re8 21. Re1 Qb6 22. Be3 Rad8 23. Rad1 Be5 24. Nf3 {Hoping for Rxd8.} Rxd1 25. Qxd1 Bxb2 {[#]} (25... Bc7 $11 {keeps the balance.}) 26. Qb1 $1 $16 {Threatens to win with Bxc5.} Nfd7 {[#]} (26... Rxe3 $16 {might work better.} 27. Rxe3 Qb4) 27. Re2 $2 (27. Bxc5 $1 $18 Rxe1+ 28. Qxe1 Qxc5 29. Qd2 {[%mdl 64] Double Attack}) 27... Bc3 28. Qc1 (28. Qc2 $17 Bb4 29. Bg5 Rxe2 30. Qxe2) 28... Qb3 $19 {[%mdl 64] Double Attack} 29. Nd2 Bxd2 $1 30. Rxd2 $2 (30. Qxd2 Qxc4 31. Bf1) 30... Rxe3 31. Rxd7 Nxd7 32. fxe3 Qxa4 33. Qd2 Nf8 34. Qd8 (34. Qc3 $142) 34... Qb4 35. Qa8 a4 36. c5 a3 37. Kh2 Qb2 {Black mates.} 38. e4 a2 39. e5 a1=Q {Accuracy: White = 30%, Black = 53%.} 0-1

[Event "Winter Paracin-GM 2019"]
[Site "Paracin"]
[Date "2019.02.04"]
[Round "7.4"]
[White "Mendonca, Leon Luke"]
[Black "Raja Rithvik R"]
[Result "1-0"]
[WhiteElo "2350"]
[BlackElo "2431"]
[Annotator "TA"]
[PlyCount "83"]
[EventDate "2019.01.31"]
[EventType "tourn"]
[EventCountry "SRB"]
[SourceTitle "playchess.com"]
[Source "ChessBase"]
[SourceQuality "1"]

{[%evp 15,83,-9,-6,-8,-6,-14,0,0,1,-25,0,-7,27,25,32,22,106,100,100,85,100,100,109,102,99,101,101,105,103,105,128,85,86,77,73,70,87,77,77,72,83,82,82,77,77,77,68,74,83,86,90,81,78,82,92,95,132,123,96,108,114,106,6311,6311,6266,6230,6123,5089,6187,6087]} 1. d4 Nf6 2. c4 e6 3. Nc3 Bb4 4. e3 O-O 5. Bd3 d5 6. cxd5 exd5 7. Nge2 Re8 8. O-O Bd6 9. h3 {E48: Nimzo-Indian: Rubinstein: 5 Bd3 d5 including 6 Ne2, but excluding 6 a3} (9. Bd2 Nbd7 10. Rc1 a6 11. Ng3 Nf8 12. Nce2 Ne4 13. Be1 c6 14. a4 Nxg3 15. Nxg3 a5 16. Qb3 g6 {½-½ (50) Yu,Y (2765)-Leko,P (2690) Porto Carras 2018}) 9... b6 10. a3 Bb7 $146 ({Predecessor:} 10... c5 11. dxc5 bxc5 12. b4 c4 13. Bc2 Bb7 14. Nb5 Be5 15. Nbd4 Nbd7 16. Bb2 a6 17. f4 Bc7 18. Nf5 g6 19. Nh6+ Kg7 20. Ng4 Kg8 21. Nh6+ Kg7 22. Ng4 {½-½ (22) Berchtold,C (2307)-Rotaru,D (2403) ICCF email 2010}) 11. b4 {The position is equal.} c6 12. Qc2 Nbd7 13. Bd2 a5 (13... Rb8 {seems wilder.} 14. Rab1 a6 15. Ng3 Bxg3 16. fxg3 c5) 14. bxa5 Rxa5 15. e4 Nxe4 (15... Ra8 $11 {remains equal.}) 16. Bxe4 $16 dxe4 17. Nxe4 Ra7 18. Nxd6 Rxe2 19. Rfe1 Rxe1+ 20. Rxe1 Nf6 21. Nxb7 Rxb7 22. Qxc6 Qd7 23. Qxd7 Rxd7 {[%mdl 4096] Endgame KRB-KRN} 24. Rb1 Nd5 25. Kf1 f6 26. Ke2 Kf7 27. Kd3 Ke6 28. Re1+ Kd6 29. Re8 Ra7 30. Rd8+ Kc6 31. Kc4 Ra4+ 32. Bb4 $1 Nxb4 33. axb4 {Hoping for d5+. KR-KR} b5+ {[#]} 34. Kb3 $1 Ra1 35. d5+ Kb6 36. Rd7 Rb1+ 37. Kc3 Rc1+ 38. Kd3 Rc7 $2 {[%mdl 8192] [#]} (38... Rd1+ $16 39. Kc2 Rf1) 39. Rxc7 $1 $18 {White is clearly winning.} Kxc7 40. Kd4 Kd6 41. h4 g6 42. g4 {Accuracy: White = 83%, Black = 49%.} 1-0

[Event "Winter Paracin-GM 2019"]
[Site "Paracin"]
[Date "2019.02.04"]
[Round "7.5"]
[White "Savic, Miodrag R"]
[Black "Lajthajm, Borko"]
[Result "1/2-1/2"]
[WhiteElo "2486"]
[BlackElo "2431"]
[Annotator "TA"]
[PlyCount "26"]
[EventDate "2019.01.31"]
[EventType "tourn"]
[EventCountry "SRB"]
[SourceTitle "playchess.com"]
[Source "ChessBase"]
[SourceQuality "1"]

{[%evp 17,26,-1,36,18,15,-10,2,-5,-8,-22,-1]} 1. e4 e5 2. Nf3 Nf6 3. Nxe5 d6 4. Nf3 Nxe4 5. Qe2 Qe7 6. d3 Nf6 7. Bg5 $146 (7. Nc3 Nc6 8. Bg5 Qxe2+ 9. Bxe2 {½-½ (11) Salgado Lopez,I (2629)-Jobava,B (2627) St Petersburg 2018}) ({Predecessor:} 7. Nc3 Nc6 8. Bg5 Qxe2+ 9. Bxe2 {½-½ (24) Mateka,P (2459)-Laurenc,P (2346) ICCF email 2010}) 7... Qxe2+ 8. Bxe2 Be7 9. Nc3 Nc6 10. O-O-O {C42: Petroff Defence: 3 Nxe5 and unusual White 3rd moves} h6 {The position is equal.} (10... O-O 11. Rhe1 {½-½ (11) Salgado Lopez,I (2629)-Jobava,B (2627) St Petersburg 2018}) 11. Bxf6 Bxf6 12. Nd5 ({Predecessor:} 12. d4 Bd7 13. Nd5 Bd8 14. Rhe1 O-O 15. h3 Re8 16. Bb5 a6 17. Bd3 Ne7 18. Nf4 Kf8 19. g4 g6 20. c3 Kg7 21. Re3 c6 22. Rde1 Kf8 23. a3 Bc7 24. Kd2 {½-½ (24) Mateka,P (2459)-Laurenc,P (2346) ICCF email 2010}) 12... Bd8 13. a3 Be6 1/2-1/2

[Event "Winter Paracin-GM 2019"]
[Site "Paracin"]
[Date "2019.02.05"]
[Round "8.1"]
[White "Mahalakshmi, M."]
[Black "Lajthajm, Borko"]
[Result "1-0"]
[WhiteElo "2185"]
[BlackElo "2431"]
[Annotator "TA"]
[PlyCount "83"]
[EventDate "2019.01.31"]
[EventType "tourn"]
[EventCountry "SRB"]
[SourceTitle "playchess.com"]
[Source "ChessBase"]
[SourceQuality "1"]

{[%evp 12,83,6,-5,0,-5,17,16,64,23,39,10,29,20,91,91,80,88,105,70,67,66,114,0,0,0,0,0,0,0,32,2,0,-1,45,0,0,0,0,0,15,-28,-31,-22,-27,-28,40,48,43,41,87,95,93,93,107,94,118,112,114,106,179,186,182,177,172,189,202,216,936,885,1021,1006,971,978]} 1. d4 Nf6 2. c4 e6 3. Nc3 Bb4 4. e3 O-O 5. Bd2 d5 6. Nf3 Nbd7 7. Rc1 {LiveBook: 5 Games. E51: Nimzo-Indian: Rubinstein: 4...0-0 5 Nf3 d5} c6 (7... Be7 8. Qc2 a6 9. c5 c6 10. Bd3 Qc7 11. Na4 e5 12. dxe5 Nxe5 13. Nxe5 Qxe5 14. O-O Ne4 {½-½ (60) Aleksandrov,A (2602)-Melkumyan,H (2660) Batumi 2018}) 8. Bd3 a6 9. O-O {The position is equal.} Ba5 10. Qe2 $146 ({Predecessor:} 10. Ne2 Bxd2 11. Qxd2 Qe7 12. cxd5 exd5 13. Qc2 h6 14. Ng3 Re8 15. h3 Ne4 16. Bxe4 dxe4 {0-1 (60) Dovletov,R-Tanrikulu,S Istanbul 1998}) 10... b5 11. b3 Rb8 12. e4 b4 (12... bxc4 $11 13. bxc4 dxe4 14. Nxe4 Bxd2 15. Qxd2 Nxe4 16. Bxe4 c5) 13. Na4 $16 dxe4 14. Bxe4 Bb7 15. Bb1 c5 $1 16. dxc5 Bc6 17. Bf4 (17. Nd4 $16 Bxa4 18. bxa4) 17... Bc7 $11 18. Bd6 Bxd6 19. cxd6 Bxa4 20. bxa4 {[#] aiming for c5.} Qa5 21. Bc2 Rfc8 22. Rfd1 g6 23. Rd2 Qc5 24. Bb3 Rb6 25. Rcd1 Rcc6 {[%cal Rc6d6]} 26. Qe3 (26. Ne1 {feels hotter.} Rxd6 27. Nd3 Qa5 28. Qe3 Rbc6 29. Qf4) 26... Qxe3 27. fxe3 {[%cal Bf2e3,Be3e4][%mdl 32]} a5 28. Rd4 Ne8 (28... Rc5 $11) 29. c5 $14 Rxc5 30. e4 $1 e5 31. Rd5 Rxd5 32. Rxd5 Nxd6 33. Rxa5 Nxe4 34. Nxe5 Nxe5 35. Rxe5 $16 {[%mdl 4096] Endgame KRB-KRN} Nd2 (35... Nd6 $16) 36. Rb5 $18 Rf6 {[%csl Gd2][%cal Rf6f1] [#]} 37. h3 Rf1+ 38. Kh2 Rf4 39. a5 {[%cal Ba4a5,Ba5a6][%mdl 32]} h5 $2 (39... Rf6 40. Rxb4 Kg7) 40. a6 {White is clearly winning.} Nf1+ 41. Kg1 Ng3 42. Rd5 {Precision: White = 69%, Black = 37%.} (42. a7 {gets mated.} Rf1+ 43. Kh2 h4 44. a8=Q+ Kg7 45. Qf8+ Kxf8 46. Rb8+ Kg7 47. Rg8+ Kxg8 48. Bxf7+ Kxf7 49. a4 Rh1#) 1-0

[Event "Winter Paracin-GM 2019"]
[Site "Paracin"]
[Date "2019.02.05"]
[Round "8.2"]
[White "Raja Rithvik R"]
[Black "Savic, Miodrag R"]
[Result "1/2-1/2"]
[WhiteElo "2431"]
[BlackElo "2486"]
[Annotator "TA"]
[PlyCount "38"]
[EventDate "2019.01.31"]
[EventType "tourn"]
[EventCountry "SRB"]
[SourceTitle "playchess.com"]
[Source "ChessBase"]
[SourceQuality "1"]

{[%evp 21,24,12,15,0,-5]} 1. c4 $146 ({Predecessor:} 1. d4 Nf6 2. c4 {0-1 (58) Sriram,J (2442)-Amin,B (2562) Manama 2009}) 1... e6 2. d4 Nf6 3. g3 ({Predecessor:} 3. Nf3 Bb4+ 4. Bd2 a5 {0-1 (58) Sriram,J (2442)-Amin,B (2562) Manama 2009}) 3... Bb4+ 4. Bd2 a5 5. Nf3 b6 6. Bg2 Bb7 7. O-O Bxd2 8. Nbxd2 d6 9. Qc2 Nbd7 10. e4 e5 11. d5 O-O 12. b3 {E16: Queen's Indian: 4 g3 Bb7 5 Bg2 Bb4+} c6 {Predecessor:} 13. Rac1 cxd5 14. exd5 Rc8 15. Qf5 g6 16. Qg5 b5 17. cxb5 Bxd5 18. Nc4 Bxc4 19. bxc4 Rc5 {0-1 (58) Sriram,J (2442)-Amin,B (2562) Manama 2009} 1/2-1/2

[Event "Winter Paracin-GM 2019"]
[Site "Paracin"]
[Date "2019.02.05"]
[Round "8.4"]
[White "Fenil, Shah"]
[Black "Lazic, Miroljub"]
[Result "1-0"]
[WhiteElo "2400"]
[BlackElo "2458"]
[Annotator "TA"]
[PlyCount "91"]
[EventDate "2019.01.31"]
[EventType "tourn"]
[EventCountry "SRB"]
[SourceTitle "playchess.com"]
[Source "ChessBase"]
[SourceQuality "1"]

{[%evp 12,91,52,52,52,46,79,52,51,54,62,48,50,40,48,27,26,28,25,22,29,20,27,29,25,19,37,20,20,20,28,25,20,0,0,0,0,0,17,27,139,124,89,97,109,25,43,0,0,-52,0,0,0,-44,-54,-56,-59,-59,-8,-82,-75,-97,-88,-97,-89,-94,-94,-89,-90,-92,-20,-20,218,218,293,214,482,202,220,218,642,614]} 1. d4 $146 (1. c4 c6 2. e4 e5 3. Nf3 d6 4. d4 Bg4 5. Be2 Nd7 {1-0 (63) Skoberne,J (2555)-Hasangatin,R (2505) Palic 2016}) ({Predecessor:} 1. c4 c6 2. e4 e5 3. Nf3 d6 4. d4 Bg4 5. Be2 Nd7 {½-½ (75) Banas,J (2385)-Kantoris,A Litomysl 1997}) 1... d6 2. Nf3 Bg4 3. c4 c6 4. Nc3 Nd7 5. e4 e5 6. Be2 Be7 ({Predecessor:} 6... a6 7. O-O {½-½ (75) Banas,J (2385)-Kantoris,A Litomysl 1997}) 7. O-O a6 {A41: 1 d4 d6: Tartakower System and Modern Defence} (7... Bxf3 8. Bxf3 Bg5 9. Bxg5 Qxg5 10. d5 c5 11. Qb3 b6 12. Qa4 Ke7 13. Nb5 Ngf6 14. Nxa7 Kf8 15. Qa6 g6 16. Qb7 Kg7 17. Rfd1 Rhb8 18. Qc7 Nf8 {1-0 (63) Skoberne,J (2555)-Hasangatin,R (2505) Palic 2016}) 8. d5 c5 9. Ne1 Bxe2 {White is slightly better.} 10. Qxe2 Bg5 11. Nd3 Bxc1 12. Raxc1 ({Predecessor:} 12. Rfxc1 Ne7 13. a3 O-O 14. b4 {½-½ (75) Banas,J (2385)-Kantoris,A Litomysl 1997}) 12... Ngf6 13. f4 exf4 14. e5 dxe5 15. Nxe5 O-O 16. Nxd7 $1 (16. Rxf4 Re8 $15) 16... Nxd7 17. Rxf4 Re8 18. Qf2 b5 19. b3 ({But not} 19. Rxf7 Ne5 $15) 19... Ne5 20. Qg3 bxc4 {And now ...Nd3 would win.} 21. bxc4 Ra7 22. Rd1 Rae7 23. h3 Ng6 24. Rf3 Re5 25. Qf2 Qc7 (25... Qd7 $11 {remains equal.}) 26. d6 $16 Qd7 27. Nd5 Qa4 28. Qf1 (28. Rb3 $16) 28... f6 $11 29. a3 Rd8 30. Nc7 (30. Re3 $11) 30... Re4 (30... Nh4 $15 31. Rf2 Nf5) 31. Rf5 Qxa3 32. Qf3 Qa4 33. Rxc5 {Rc1 is the strong threat.} Ne5 {[%mdl 64] Double Attack} 34. Qf1 Nxc4 (34... Qa3 $15 35. Rcd5 Nxc4) 35. Ra1 (35. Nd5 $1 $11 {keeps the balance.} Rxd6 36. Rc8+ Kf7 37. Rc7+ (37. Qf3 Ne5 $11) 37... Kf8 38. Rc8+ Kf7 39. Qf3) 35... Qb3 $17 36. Qf3 Qb6 37. Nxa6 Nxd6 {Hoping for ...Ra8.} 38. Kh2 Rd4 39. Rc6 Qb2 40. Re1 Nf7 (40... Rd2 $17 {Strongly threatening ...Nf7.} 41. Rc7 {[#]} Nf5 $1 {[%mdl 512]}) 41. Rc7 $11 {Threatens to win with Ree7.} Ne5 $2 {[#]} (41... Rd2 $11 42. Rce7 Ng5) 42. Rxe5 $1 $40 {[%mdl 640] White threatens Qh5! and mate. Black is in trouble.} R4d7 (42... fxe5 43. Qf7+) 43. Re7 Rxc7 $2 (43... Rxe7 44. Rxe7 Qb6) 44. Rxc7 (44. Nxc7 $142 Kh8 45. Qg3) 44... Qd4 45. Nc5 f5 $2 (45... Qe5+ 46. Qg3 Qxg3+ 47. Kxg3 Re8) 46. Ne6 {Accuracy: White = 41%, Black = 43%.} 1-0